[Event "Prague Golden U20 Rapid op 19th"]
[Site "Prague"]
[Date "2024.06.22"]
[Round "5"]
[White "Koutny, Tomas"]
[Black "Mikhno, Artem"]
[Result "0-1"]
[WhiteElo "1584"]
[BlackElo "1900"]
[PlyCount "94"]
[EventDate "2024.06.22"]
[EventType "swiss (rapid)"]
[EventRounds "7"]
[EventCountry "CZE"]
[SourceTitle "EXT 2025"]
[Source "ChessBase"]
[SourceDate "2024.10.14"]
[SourceVersion "1"]
[SourceVersionDate "2024.10.14"]
[SourceQuality "1"]

1. e4 c6 2. d4 d5 3. exd5 cxd5 4. c4 Nf6 5. Nc3 Nc6 6. Be3 e6 7. g3 dxc4 8. Bg2 Nd5 9. Nge2 Nxe3 10. fxe3 Bb4 11. 0-0 0-0 12. a3 Be7 13. Qa4 Na5 14. Rac1 a6 15. Rfd1 Bd7 16. Qc2 Bc6 17. e4 b5 18. d5 exd5 19. Nxd5 Bxd5 20. exd5 Bc5+ 21. Kh1 Nb3 22. Rb1 Qd6 23. Nf4 Rfe8 24. Qc3 Re3 25. Qc2 Rae8 26. Rf1 g6 27. a4 Nd4 28. Qd2 Ne2 29. axb5 Nxf4 30. Rxf4 Bb4 31. Qf2 Re1+ 32. Rxe1 Rxe1+ 33. Bf1 Qxd5+ 34. Qg2 Qxg2+ 35. Kxg2 axb5 36. Rd4 Rb1 37. Rd5 Rxb2+ 38. Rd2 Rxd2+ 39. Kh3 c3 40. Bxb5 c2 41. Ba4 c1Q 42. Bb3 Qc8+ 43. g4 Qc3+ 44. Kh4 Be7+ 45. g5 Qd4+ 46. Kg3 Qe3+ 47. Kg4 Rd4# 0-1